[Event "Harrogate 4NCL op-B 27th"]
[Site "Harrogate"]
[Date "2022.01.21"]
[Round "1"]
[White "Gibbs, Dominic V"]
[Black "Greatorex, Roger"]
[Result "1-0"]
[WhiteElo "1954"]
[BlackElo "1808"]
[PlyCount "59"]
[EventDate "2022.01.21"]
[EventType "swiss"]
[EventRounds "5"]
[EventCountry "ENG"]
[SourceTitle "CBM 206 Extra"]
[Source "ChessBase"]
[SourceDate "2022.03.31"]
[SourceVersion "1"]
[SourceVersionDate "2022.03.31"]
[SourceQuality "1"]

1. e4 e5 2. Nf3 Nc6 3. Bb5 a6 4. Ba4 d6 5. 0-0 Nf6 6. Bxc6+ bxc6 7. d4 Nxe4 8. dxe5 d5 9. Nbd2 Nxd2 10. Qxd2 Be7 11. Qc3 c5 12. e6 0-0 13. exf7+ Rxf7 14. Ne5 Rf6 15. Bg5 Re6 16. Bxe7 Qxe7 17. Nd3 c4 18. Nf4 Rh6 19. Rfe1 Qd6 20. Qe5 Bb7 21. Qxd6 Rxd6 22. Re7 Rc6 23. b3 Rf8 24. Ne6 Rf6 25. Re1 Rg6 26. Re8+ Kf7 27. Nd8+ Kf6 28. Rf8+ Kg5 29. Re5+ Kh4 30. Rf4+ 1-0

[Event "WLS-ch Seniors 4th"]
[Site "Merthyr Tydfil"]
[Date "2018.09.28"]
[Round "1"]
[White "O'Rourke, Kevin1111"]
[Black "Greatorex, Roger"]
[Result "0-1"]
[WhiteElo "1264"]
[BlackElo "1736"]
[PlyCount "66"]
[EventDate "2018.09.28"]
[EventType "swiss"]
[EventRounds "5"]
[EventCountry "WLS"]
[SourceTitle "EXT 2020"]
[Source "ChessBase"]
[SourceDate "2019.10.17"]
[SourceVersion "1"]
[SourceVersionDate "2019.10.17"]
[SourceQuality "1"]

1. e4 e6 2. d4 a6 3. Nc3 b5 4. e5 Bb7 5. Nce2 c5 6. Nf4 cxd4 7. Qxd4 Nc6 8. Qe4 Qc7 9. Qe2 Nd4 10. Qd2 Nxc2+ 11. Kd1 Nxa1 12. Bd3 g5 13. Nge2 gxf4 14. f3 Rc8 15. b3 Bd5 16. Bb2 Nxb3 17. axb3 Bxb3+ 18. Ke1 Bc2 19. Bc3 Bxd3 20. Qxd3 Ne7 21. Kf2 Nd5 22. Rc1 Nxc3 23. Rxc3 Qb6+ 24. Kf1 Rxc3 25. Qxc3 Qc6 26. Qb2 Qc4 27. Qa1 b4 28. Ke1 b3 29. Qc3 Bb4 30. Kd2 Bxc3+ 31. Nxc3 0-0 32. Ne4 b2 33. Nf6+ Kg7 0-1

[Event "Dyfed op 47th"]
[Site "Fishguard"]
[Date "2018.02.18"]
[Round "5"]
[White "May, Adam John"]
[Black "Greatorex, Roger"]
[Result "1/2-1/2"]
[WhiteElo "1951"]
[BlackElo "1722"]
[PlyCount "59"]
[EventDate "2018.02.16"]
[EventType "swiss"]
[EventRounds "5"]
[EventCountry "WLS"]
[SourceTitle "EXT 2020"]
[Source "ChessBase"]
[SourceDate "2019.10.17"]
[SourceVersion "1"]
[SourceVersionDate "2019.10.17"]
[SourceQuality "1"]

1. c4 g6 2. g3 Bg7 3. Bg2 d6 4. Nc3 e5 5. e4 Ne7 6. Nge2 0-0 7. 0-0 f5 8. d3 Nbc6 9. Nd5 Nxd5 10. cxd5 Ne7 11. Rb1 c6 12. dxc6 Nxc6 13. b4 Rb8 14. b5 Nd4 15. Nxd4 exd4 16. Qb3+ Kh8 17. a4 Re8 18. Bb2 Be6 19. Qb4 a5 20. Qa3 Qb6 21. Rbc1 Rec8 22. Rfe1 Rxc1 23. Rxc1 Kg8 24. exf5 gxf5 25. Re1 Kf7 26. Qa1 Bb3 27. Qa3 Be6 28. Qa1 Bb3 29. Qa3 Be6 30. Qa1 1/2-1/2

[Event "GBR-ch Soanes op 104th"]
[Site "Llandudno"]
[Date "2017.07.28"]
[Round "1"]
[White "Greatorex, Roger"]
[Black "Sheikh, Nasarullah"]
[Result "1/2-1/2"]
[WhiteElo "1773"]
[BlackElo "1646"]
[PlyCount "38"]
[EventDate "2017.07.28"]
[EventType "swiss"]
[EventRounds "5"]
[EventCountry "WLS"]
[SourceTitle "EXT 2019"]
[Source "ChessBase"]
[SourceDate "2018.10.10"]
[SourceVersion "1"]
[SourceVersionDate "2018.10.10"]
[SourceQuality "1"]

1. c4 Nf6 2. Nc3 c6 3. e4 e5 4. Nf3 d6 5. d4 Nbd7 6. Be2 Be7 7. 0-0 0-0 8. b4 Qe8 9. a3 Bd8 10. d5 Qe7 11. dxc6 bxc6 12. Bg5 h6 13. Bh4 g5 14. Bg3 Bb7 15. Nd2 Bb6 16. h4 Kg7 17. hxg5 hxg5 18. Nf3 Nh5 19. Bh2 g4 1/2-1/2

[Event "Dyfed op"]
[Site "Fishguard"]
[Date "2017.02.26"]
[Round "5"]
[White "Thomas, Roy"]
[Black "Greatorex, Roger"]
[Result "1-0"]
[WhiteElo "1718"]
[BlackElo "1820"]
[PlyCount "85"]
[EventDate "2017.02.24"]
[EventType "swiss"]
[EventRounds "5"]
[EventCountry "WLS"]
[SourceTitle "EXT 2019"]
[Source "ChessBase"]
[SourceDate "2018.10.10"]
[SourceVersion "1"]
[SourceVersionDate "2018.10.10"]
[SourceQuality "1"]

1. f4 Nf6 2. Nf3 d6 3. d3 Nc6 4. e4 e5 5. Be2 g6 6. 0-0 Bg7 7. c3 0-0 8. Na3 Qe7 9. Qe1 Nh5 10. fxe5 dxe5 11. Ng5 Nf4 12. Bxf4 exf4 13. Qh4 h6 14. Nf3 Qxh4 15. Nxh4 a6 16. d4 b5 17. Nf3 g5 18. Nc2 Re8 19. Bd3 Bg4 20. Rae1 Bxf3 21. Rxf3 Rad8 22. g3 fxg3 23. hxg3 Re7 24. Kg2 Nb8 25. Ne3 Re6 26. Ref1 Rf8 27. e5 c6 28. Nf5 f6 29. Nxg7 Kxg7 30. Bf5 Ree8 31. e6 Re7 32. b3 a5 33. c4 Rd8 34. Rd1 bxc4 35. bxc4 c5 36. d5 Rd6 37. Rb3 Na6 38. Rdb1 Nb4 39. a3 Ra7 40. axb4 axb4 41. Re3 Re7 42. g4 Ra6 43. Rd1 1-0

[Event "North Wales op"]
[Site "Colwyn Bay"]
[Date "2016.07.02"]
[Round "2"]
[White "Doran, Chris"]
[Black "Greatorex, Roger"]
[Result "1-0"]
[WhiteElo "1987"]
[BlackElo "1827"]
[PlyCount "77"]
[EventDate "2016.07.01"]
[EventType "swiss"]
[EventRounds "5"]
[EventCountry "WLS"]
[SourceTitle "EXT 2019"]
[Source "ChessBase"]
[SourceDate "2018.10.10"]
[SourceVersion "1"]
[SourceVersionDate "2018.10.10"]
[SourceQuality "1"]

1. e4 e6 2. d4 d5 3. Nd2 Nf6 4. e5 Ne4 5. Bd3 Nxd2 6. Bxd2 c5 7. c3 Nc6 8. Nf3 Be7 9. 0-0 cxd4 10. cxd4 Bd7 11. a3 g5 12. Be3 g4 13. Nd2 h5 14. b4 a6 15. Nb3 Bg5 16. Nc5 Bc8 17. b5 axb5 18. Bxb5 Bxe3 19. fxe3 Qg5 20. Rf4 0-0 21. Bxc6 bxc6 22. Qd2 f5 23. exf6 Rxf6 24. Rxf6 Qxf6 25. Rf1 Qe7 26. Qd3 Kg7 27. e4 e5 28. exd5 cxd5 29. Qc3 e4 30. Qb3 Ba6 31. Nxa6 Rxa6 32. Qxd5 Rxa3 33. Qxh5 g3 34. Qg4+ Kh6 35. hxg3 Ra5 36. Re1 Qb4 37. Qxe4 Rg5 38. Rc1 Qa5 39. Rc6+ 1-0

[Event "Dyfed op 45th"]
[Site "Fishguard"]
[Date "2016.02.27"]
[Round "2"]
[White "Greatorex, Roger"]
[Black "Jameson, David"]
[Result "1/2-1/2"]
[WhiteElo "1810"]
[BlackElo "2103"]
[PlyCount "111"]
[EventDate "2016.02.26"]
[EventType "swiss"]
[EventRounds "5"]
[EventCountry "WLS"]
[SourceTitle "EXT 2018"]
[Source "ChessBase"]
[SourceDate "2017.10.13"]
[SourceVersion "1"]
[SourceVersionDate "2017.10.13"]
[SourceQuality "1"]

1. c4 e5 2. Nc3 Nf6 3. Nf3 Nc6 4. d4 exd4 5. Nxd4 Bb4 6. Nxc6 bxc6 7. Bd2 0-0 8. e3 Re8 9. Be2 Rb8 10. b3 d5 11. 0-0 Bf5 12. a3 Bd6 13. b4 a5 14. c5 Be5 15. bxa5 Ne4 16. Nxe4 Bxa1 17. Qxa1 Bxe4 18. Bc3 Qg5 19. g3 Qh6 20. Bd4 Rb3 21. a6 Ra8 22. Qa2 Rbb8 23. Be5 Ra7 24. Qd2 Qe6 25. Bd4 f6 26. f3 Bf5 27. g4 Bg6 28. Kg2 h5 29. h3 hxg4 30. hxg4 Qc8 31. Rh1 Rxa6 32. Bxa6 Qxa6 33. Ra1 Rb3 34. Bc3 Rxa3 35. Rxa3 Qxa3 36. Qd4 Qa2+ 37. Bb2 Qb1 38. g5 Bd3 39. gxf6 Qf1+ 40. Kg3 Qg1+ 41. Kf4 Qh2+ 42. Kg4 Qg2+ 43. Kf4 Be2 44. fxg7 Qxf3+ 45. Ke5 Qh5+ 46. Kf4 Qh2+ 47. Kg5 Qg3+ 48. Kh6 Qh3+ 49. Kg5 Qh5+ 50. Kf6 Qf7+ 51. Kg5 Qh5+ 52. Kf6 Bg4 53. Qf4 Qf7+ 54. Kg5 Qh5+ 55. Kf6 Qf7+ 56. Kg5 1/2-1/2

[Event "Birmingham 4NCL op-B 1st"]
[Site "Birmingham"]
[Date "2015.01.30"]
[Round "1"]
[White "Slinger, Tony J"]
[Black "Greatorex, Roger"]
[Result "1/2-1/2"]
[WhiteElo "1950"]
[BlackElo "1825"]
[PlyCount "105"]
[EventDate "2015.01.30"]
[EventType "swiss"]
[EventRounds "5"]
[EventCountry "ENG"]
[SourceTitle "EXT 2023"]
[Source "ChessBase"]
[SourceDate "2022.10.05"]
[SourceVersion "1"]
[SourceVersionDate "2022.10.05"]
[SourceQuality "1"]

1. d4 e5 2. dxe5 Nc6 3. Nf3 Qe7 4. e3 Nxe5 5. Be2 Nf6 6. 0-0 d5 7. Nc3 c6 8. a4 a5 9. b3 Nxf3+ 10. Bxf3 Qe5 11. Bb2 Bd6 12. g3 Bh3 13. Re1 0-0 14. Nb5 Qxb2 15. Nxd6 Rab8 16. c4 Qe5 17. c5 b6 18. Qd4 Qxd4 19. exd4 bxc5 20. dxc5 Rxb3 21. Bg2 Bxg2 22. Kxg2 Rc3 23. Rec1 Rxc1 24. Rxc1 Rb8 25. Re1 Kf8 26. Nf5 Ne4 27. Nd4 Rb4 28. Nxc6 Rxa4 29. Rb1 g6 30. Rb5 Ra2 31. Rxa5 Rxf2+ 32. Kg1 Rc2 33. Nb4 Rxc5 34. Rxc5 Nxc5 35. Nxd5 f5 36. Kg2 Kf7 37. Nc7 g5 38. h3 Kf6 39. Kf3 Ke5 40. Nb5 Ne6 41. Kf2 f4 42. Kf3 fxg3 43. Kxg3 h5 44. Na3 Nd4 45. Nc4+ Kd5 46. Nb6+ Ke4 47. Nd7 Kf5 48. Kf2 h4 49. Kg2 Kf4 50. Nf6 Ke3 51. Ng4+ Ke2 52. Ne5 Ne6 53. Nf7 1/2-1/2

[Event "Runcorn op"]
[Site "Runcorn"]
[Date "2010.09.25"]
[Round "2"]
[White "Whitfield, Craig M"]
[Black "Greatorex, Roger"]
[Result "1-0"]
[WhiteElo "1987"]
[BlackElo "1866"]
[PlyCount "187"]
[EventDate "2010.09.24"]
[EventType "swiss"]
[EventRounds "5"]
[EventCountry "ENG"]
[SourceTitle "CBM 138 Extra"]
[Source "ChessBase"]
[SourceDate "2010.10.29"]
[SourceVersion "1"]
[SourceVersionDate "2010.10.29"]
[SourceQuality "1"]

1. e4 e5 2. Nf3 Nc6 3. Bb5 a6 4. Ba4 d6 5. 0-0 g6 6. d4 b5 7. Bb3 Bg7 8. a4 Rb8 9. axb5 axb5 10. Bg5 Nge7 11. c3 Qd7 12. Qd2 h6 13. Bxe7 Qxe7 14. dxe5 Nxe5 15. Nxe5 dxe5 16. Ra5 0-0 17. Qe3 c5 18. Bd5 Qc7 19. b4 cxb4 20. cxb4 Qd6 21. Qb3 Bb7 22. Rd1 Bxd5 23. Rxd5 Qc7 24. Nc3 Qc4 25. Qxc4 bxc4 26. b5 Rfc8 27. Ra7 Bf8 28. Rdd7 Bc5 29. Rab7 Rxb7 30. Rxb7 Bd4 31. Nd5 Kf8 32. b6 c3 33. Rc7 Rb8 34. b7 Kg7 35. Nb4 Bb6 36. Rd7 Ba5 37. Nc2 Kf8 38. Kf1 Ke8 39. Rd5 Bc7 40. Rb5 Kd7 41. Nb4 c2 42. Nxc2 Kc6 43. Rb3 Rxb7 44. Rxb7 Kxb7 45. Ne3 Kc6 46. Ke2 h5 47. Kd3 Kc5 48. Nd5 Bd6 49. Ne3 Bc7 50. f3 Bd8 51. g4 h4 52. h3 Bg5 53. Nc2 Bh6 54. Na3 Bc1 55. Nb1 Bh6 56. Nc3 Bg5 57. Na4+ Kb5 58. Nb2 Kc5 59. Kc3 Be3 60. Nd3+ Kd6 61. Kc4 g5 62. Kb5 Bd4 63. Nb4 Bf2 64. Nc6 Be3 65. Na5 Bd4 66. Kc4 Bf2 67. Nb3 Bg1 68. Na1 Bf2 69. Nc2 Bg1 70. Na3 Bf2 71. Kb5 Bg1 72. Nc4+ Ke6 73. Kc6 Bd4 74. Nd6 Ba1 75. Nb5 Bb2 76. Kc7 Bd4 77. Kd8 Bb6+ 78. Ke8 f6 79. Nc3 Bc5 80. Na4 Bb4 81. Nb6 Bc5 82. Nd7 Be3 83. Nf8+ Kd6 84. Kf7 Kc5 85. Kxf6 Bf4 86. Nh7 Kd4 87. Nxg5 Ke3 88. Kf5 Bg3 89. Nf7 Kxf3 90. g5 Kg2 91. g6 Kxh3 92. g7 Kg2 93. Ng5 Bf4 94. g8Q 1-0

[Event "BCF-chT4a 0405 (4NCL)"]
[Site "Telford"]
[Date "2005.05.29"]
[Round "10.5"]
[White "Greatorex, Roger"]
[Black "Richardson, Joe M"]
[Result "0-1"]
[WhiteElo "1955"]
[BlackElo "2001"]
[PlyCount "76"]
[EventDate "2004.11.06"]
[EventType "team"]
[EventRounds "11"]
[EventCountry "ENG"]
[SourceTitle "EXT 2006"]
[Source "ChessBase"]
[SourceDate "2005.11.24"]
[SourceVersion "1"]
[SourceVersionDate "2005.11.24"]
[SourceQuality "1"]
[WhiteTeam "Hilsmark Kingfisher"]
[BlackTeam "Sussex Mindsports"]
[WhiteTeamCountry "ENG"]
[BlackTeamCountry "ENG"]

1. e4 e5 2. f4 d6 3. d4 Nf6 4. Nc3 Bg4 5. Nf3 Bxf3 6. gxf3 Nh5 7. Be3 Qh4+ 8. Bf2 Qd8 9. dxe5 Nxf4 10. exd6 Bxd6 11. Qd4 Ne6 12. Qa4+ Nd7 13. 0-0-0 a6 14. h4 b5 15. Qb3 b4 16. Ne2 a5 17. Rxd6 cxd6 18. Bh3 Qf6 19. f4 Nxf4 20. Bxd7+ Kxd7 21. Nxf4 Qxf4+ 22. Be3 Qxe4 23. Qxf7+ Kc6 24. Re1 Rhg8 25. Bd2 Qd5 26. Qf1 Qxa2 27. Kd1 Qd5 28. Re3 Rgf8 29. Qh3 Rf2 30. Rd3 Qh5+ 31. Kc1 Qe2 32. b3 Qf1+ 33. Qxf1 Rxf1+ 34. Kb2 Re8 35. c4 Re2 36. Kc2 Rff2 37. Kd1 Rh2 38. Rd5 Reg2 0-1